00989cam a2200253 a 450000100100000000500170001000800410002702000150006804000250008304100130010808200190012110000390014024000620017924501330024126000310037430000210040544000270042653400690045350400720052265000550059465000250064970000280067470000330070200000153820200929145619.0870925s1974 es b 001 0 spa c a8434407590 aDO-SdBNPbspacBNPHU17aspaheng a305.861bM251m1 aMalinowski, Bronislaw,d1884-1942.10aMagic, science and religion, and other essays.lEspañol10aMagía, ciencia y religión /cBronislaw Malinowski ; introducción de Robert Redfield ; traducción, Antonio Pérez Ramos. aBarcelona :bAriel,c1974. a335 p. ;c19 cm. 0aAriel quincenal ;v101 pTítulo origina:tMagic, science and religion, and other essays aIncluye referencias bibligráficas y notas al pie de las páginas 4aEtnologíazEspañavENSAYOS, CONFERENCIAS, ETC. 4aReligiónzEspaña1 aRedfield, Robert,eint.1 aPérez Ramos, Antonio,etr.